000 00647nam a2200265Ia 4500
005 20260121161348.0
008 008 260114s9999 xx 000 0 eng d
020 _a9781315703275
037 _aEBOOK
040 _aCRL
040 _beng
040 _cCRL
041 _2eng
041 _aeng
084 _qCRL
100 _aInterpretation and Method
_91043542
245 0 _aDvora Yanow; Peregrine Schwartz-Shea
260 _bTaylor and Francis
260 _c2014
650 _aPlanning
_91043543
856 _uhttp://www.taylorfrancis.com/books/9781315703275
942 _cEBOOK
999 _c1610175
_d1610175